[Event "Villarobledo Online Qualifyer"]
[Site "playchess.com #155672"]
[Date "2009.05.23"]
[Round "11"]
[White "Schnickschnack"]
[Black "drift"]
[Result "1-0"]
[WhiteElo "2085"]
[BlackElo "1856"]
[PlyCount "115"]
[EventDate "2009.05.23"]
[EventType "swiss (blitz)"]

1. c4 {[%emt 0:00:01]} c5 {[%emt 0:00:02]} 2. Nc3 {[%emt 0:00:01]} Nc6 {[%emt
0:00:01]} 3. g3 {[%emt 0:00:01]} Nf6 {[%emt 0:00:01]} 4. Bg2 {[%emt 0:00:00]}
e6 {[%emt 0:00:01]} 5. Nf3 {[%emt 0:00:00]} Be7 {[%emt 0:00:01]} 6. O-O {[%emt
0:00:01]} O-O {[%emt 0:00:01]} 7. d4 {[%emt 0:00:01]} cxd4 {[%emt 0:00:02]} 8.
Nxd4 {[%emt 0:00:02]} d5 {[%emt 0:00:04]} 9. Bg5 {[%emt 0:00:28]} Nxd4 {[%emt
0:00:05]} 10. Qxd4 {[%emt 0:00:01]} dxc4 {[%emt 0:00:01]} 11. Qxc4 {[%emt 0:00:
02]} Qa5 {[%emt 0:00:13]} 12. Bf4 {[%emt 0:00:05]} Qc5 {[%emt 0:00:14]} 13.
Qxc5 {[%emt 0:00:06]} Bxc5 {[%emt 0:00:02]} 14. Rfd1 {[%emt 0:00:02]} Ng4 {
[%emt 0:00:10]} 15. Ne4 {[%emt 0:00:02]} Bb6 {[%emt 0:00:01]} 16. h3 {[%emt 0:
00:04]} e5 {[%emt 0:00:11]} 17. Bg5 {[%emt 0:00:27]} Nh6 {[%emt 0:00:32]} 18.
Nf6+ {[%emt 0:00:27]} gxf6 {[%emt 0:00:02]} 19. Bxh6 {[%emt 0:00:01]} Re8 {
[%emt 0:00:01]} 20. Rac1 {[%emt 0:00:08]} Be6 {[%emt 0:00:02]} 21. Bxb7 {[%emt
0:00:02]} Rad8 {[%emt 0:00:03]} 22. Bc6 {[%emt 0:00:05]} Rxd1+ {[%emt 0:00:04]}
23. Rxd1 {[%emt 0:00:01]} Rc8 {[%emt 0:00:01]} 24. Bb7 {[%emt 0:00:07]} Rd8 {
[%emt 0:00:07]} 25. Rxd8+ {[%emt 0:00:04]} Bxd8 {[%emt 0:00:02]} 26. b3 {[%emt
0:00:02]} Bb6 {[%emt 0:00:03]} 27. Kg2 {[%emt 0:00:08]} f5 {[%emt 0:00:01]} 28.
Bd2 {[%emt 0:00:02]} f6 {[%emt 0:00:01]} 29. Ba6 {[%emt 0:00:03]} Kf7 {[%emt 0:
00:01]} 30. Bc4 {[%emt 0:00:01]} Bxc4 {[%emt 0:00:01]} 31. bxc4 {[%emt 0:00:01]
} Ke6 {[%emt 0:00:01]} 32. Bb4 {[%emt 0:00:01]} e4 {[%emt 0:00:03]} 33. f3 {
[%emt 0:00:17]} exf3+ {[%emt 0:00:05]} 34. Kxf3 {[%emt 0:00:03]} Ke5 {[%emt 0:
00:01]} 35. Bc3+ {[%emt 0:00:02]} Ke6 {[%emt 0:00:02]} 36. a4 {[%emt 0:00:08]}
Bc5 {[%emt 0:00:02]} 37. e3 {[%emt 0:00:05]} Bb6 {[%emt 0:00:16]} 38. Bd4 {
[%emt 0:00:02]} Bc7 {[%emt 0:00:03]} 39. Bxa7 {[%emt 0:00:02]} Kd6 {[%emt 0:00:
05]} 40. Bd4 {[%emt 0:00:03]} Bd8 {[%emt 0:00:02]} 41. Kf4 {[%emt 0:00:05]} Ke6
{[%emt 0:00:03]} 42. Ba7 {[%emt 0:00:11]} Bc7+ {[%emt 0:00:01]} 43. Kf3 {[%emt
0:00:01]} Ke5 {[%emt 0:00:04]} 44. c5 {[%emt 0:00:03]} Kd5 {[%emt 0:00:01]} 45.
Bb6 {[%emt 0:00:01]} Be5 {[%emt 0:00:04]} 46. a5 {[%emt 0:00:02]} Kc6 {[%emt 0:
00:01]} 47. a6 {[%emt 0:00:01]} h5 {[%emt 0:00:08]} 48. g4 {[%emt 0:00:12]}
fxg4+ {[%emt 0:00:03]} 49. hxg4 {[%emt 0:00:01]} h4 {[%emt 0:00:06]} 50. Kg2 {
[%emt 0:00:05]} Bg3 {[%emt 0:00:05]} 51. Kh3 {[%emt 0:00:02]} Bf2 {[%emt 0:00:
01]} 52. e4 {[%emt 0:00:04]} Bg3 {[%emt 0:00:01]} 53. Bd8 {[%emt 0:00:03]} Bb8
{[%emt 0:00:13]} 54. Bxf6 {[%emt 0:00:02]} Kxc5 {[%emt 0:00:01]} 55. Bxh4 {
[%emt 0:00:02]} Kd4 {[%emt 0:00:01]} 56. a7 {[%emt 0:00:02]} Bxa7 {[%emt 0:00:
02]} 57. Bf2+ {[%emt 0:00:01]} Kxe4 {[%emt 0:00:03]} 58. Bxa7 {[%emt 0:00:01]
drift resigns} 1-0

[Event "Villarobledo Online Qualifyer"]
[Site "playchess.com #155672"]
[Date "2009.05.23"]
[Round "11"]
[White "Juanma9413"]
[Black "Slavmonster"]
[Result "1-0"]
[WhiteElo "1872"]
[BlackElo "2084"]
[PlyCount "129"]
[EventDate "2009.05.23"]
[EventType "swiss (blitz)"]

1. e4 {[%emt 0:00:03]} e5 {[%emt 0:00:01]} 2. Nf3 {[%emt 0:00:02]} Nc6 {[%emt
0:00:01]} 3. d4 {[%emt 0:00:01]} exd4 {[%emt 0:00:01]} 4. Bc4 {[%emt 0:00:01]}
Nf6 {[%emt 0:00:02]} 5. e5 {[%emt 0:00:01]} d5 {[%emt 0:00:01]} 6. Bb5 {[%emt
0:00:01]} Ne4 {[%emt 0:00:01]} 7. Nxd4 {[%emt 0:00:02]} Bc5 {[%emt 0:00:01]} 8.
Bxc6+ {[%emt 0:00:02]} bxc6 {[%emt 0:00:02]} 9. O-O {[%emt 0:00:02]} Bd7 {
[%emt 0:00:02]} 10. Be3 {[%emt 0:00:10]} Qe7 {[%emt 0:00:02]} 11. f4 {[%emt 0:
00:17]} O-O {[%emt 0:00:05]} 12. Nd2 {[%emt 0:00:03]} Nxd2 {[%emt 0:00:03]} 13.
Qxd2 {[%emt 0:00:01]} f6 {[%emt 0:00:01]} 14. exf6 {[%emt 0:00:29]} Qxf6 {
[%emt 0:00:03]} 15. c3 {[%emt 0:00:07]} Rae8 {[%emt 0:00:03]} 16. Rae1 {[%emt
0:00:02]} Bb6 {[%emt 0:00:01]} 17. Nb3 {[%emt 0:00:11]} Rxe3 {[%emt 0:00:06]}
18. Rxe3 {[%emt 0:00:05]} Re8 {[%emt 0:00:08]} 19. Rfe1 {[%emt 0:00:27]} Qxf4 {
[%emt 0:00:09]} 20. Nd4 {[%emt 0:00:05]} Re4 {[%emt 0:00:21]} 21. Qe2 {[%emt 0:
00:33]} c5 {[%emt 0:00:16]} 22. Rxe4 {[%emt 0:00:03]} dxe4 {[%emt 0:00:03]} 23.
Qc4+ {[%emt 0:00:22]} Kh8 {[%emt 0:00:06]} 24. Nc2 {[%emt 0:00:07]} Bc6 {[%emt
0:00:17]} 25. Rf1 {[%emt 0:00:03]} Qd6 {[%emt 0:00:01]} 26. Ne3 {[%emt 0:00:06]
} h6 {[%emt 0:00:04]} 27. h3 {[%emt 0:00:07]} Qg6 {[%emt 0:00:19]} 28. Kh2 {
[%emt 0:00:06]} Qd6+ {[%emt 0:00:07]} 29. Kh1 {[%emt 0:00:07]} Qg6 {[%emt 0:00:
05]} 30. Qf7 {[%emt 0:00:01]} Kh7 {[%emt 0:00:04]} 31. Qxg6+ {[%emt 0:00:02]}
Kxg6 {[%emt 0:00:00]} 32. Nc4 {[%emt 0:00:01]} Bb5 {[%emt 0:00:02]} 33. b3 {
[%emt 0:00:01]} c6 {[%emt 0:00:05]} 34. Re1 {[%emt 0:00:05]} Bxc4 {[%emt 0:00:
07]} 35. bxc4 {[%emt 0:00:02]} Kf5 {[%emt 0:00:01]} 36. Kg1 {[%emt 0:00:01]}
Ba5 {[%emt 0:00:03]} 37. Re3 {[%emt 0:00:04]} Kf4 {[%emt 0:00:03]} 38. Kf2 {
[%emt 0:00:01]} Bd8 {[%emt 0:00:02]} 39. g3+ {[%emt 0:00:01]} Ke5 {[%emt 0:00:
01]} 40. Re2 {[%emt 0:00:02]} Bf6 {[%emt 0:00:02]} 41. Rb2 {[%emt 0:00:03]} Kf5
{[%emt 0:00:02]} 42. Rb7 {[%emt 0:00:02]} Bxc3 {[%emt 0:00:01]} 43. Rxa7 {
[%emt 0:00:01]} Bd4+ {[%emt 0:00:01]} 44. Ke2 {[%emt 0:00:01]} h5 {[%emt 0:00:
02]} 45. Rf7+ {[%emt 0:00:04]} Kg5 {[%emt 0:00:03]} 46. a4 {[%emt 0:00:02]} h4
{[%emt 0:00:01]} 47. g4 {[%emt 0:00:02]} Kg6 {[%emt 0:00:02]} 48. Rf8 {[%emt 0:
00:02]} Bf6 {[%emt 0:00:02]} 49. a5 {[%emt 0:00:01]} Be7 {[%emt 0:00:07]} 50.
Rf5 {[%emt 0:00:02]} Bd8 {[%emt 0:00:01]} 51. a6 {[%emt 0:00:01]} Bb6 {[%emt 0:
00:01]} 52. Ke3 {[%emt 0:00:03]} Kh7 {[%emt 0:00:02]} 53. Kxe4 {[%emt 0:00:01]}
Kg8 {[%emt 0:00:01]} 54. Ke5 {[%emt 0:00:01]} g6 {[%emt 0:00:01]} 55. Rf1 {
[%emt 0:00:02]} Kg7 {[%emt 0:00:01]} 56. Kd6 {[%emt 0:00:01]} Ba7 {[%emt 0:00:
01]} 57. Kxc6 {[%emt 0:00:02]} g5 {[%emt 0:00:00]} 58. Kb7 {[%emt 0:00:01]} Kg6
{[%emt 0:00:01]} 59. Kxa7 {[%emt 0:00:02]} Kg7 {[%emt 0:00:00]} 60. Kb7 {[%emt
0:00:01]} Kg6 {[%emt 0:00:00]} 61. a7 {[%emt 0:00:01]} Kg7 {[%emt 0:00:00]} 62.
a8=Q {[%emt 0:00:02]} Kg6 {[%emt 0:00:00]} 63. Qf8 {[%emt 0:00:04]} Kh7 {[%emt
0:00:02]} 64. Rf7+ {[%emt 0:00:02]} Kg6 {[%emt 0:00:01]} 65. Qg7# {[%emt 0:00:
01]} 1-0

[Event "Villarobledo Online Qualifyer"]
[Site "playchess.com #155672"]
[Date "2009.05.23"]
[Round "11"]
[White "Byrdmanjr"]
[Black "Iluminao"]
[Result "0-1"]
[WhiteElo "1963"]
[BlackElo "2326"]
[PlyCount "96"]
[EventDate "2009.05.23"]
[EventType "swiss (blitz)"]

1. d4 {[%emt 0:00:07]} c5 {[%emt 0:00:02]} 2. dxc5 {[%emt 0:00:03]} e6 {[%emt
0:00:02]} 3. b4 {[%emt 0:00:02]} a5 {[%emt 0:00:02]} 4. Ba3 {[%emt 0:00:18]}
axb4 {[%emt 0:00:03]} 5. Bxb4 {[%emt 0:00:01]} Nc6 {[%emt 0:00:01]} 6. Bc3 {
[%emt 0:00:14]} Nf6 {[%emt 0:00:08]} 7. Nf3 {[%emt 0:00:09]} Bxc5 {[%emt 0:00:
04]} 8. e4 {[%emt 0:00:02]} Nxe4 {[%emt 0:00:03]} 9. Bxg7 {[%emt 0:00:01]}
Bxf2+ {[%emt 0:00:14]} 10. Ke2 {[%emt 0:00:01]} Qb6 {[%emt 0:00:19]} 11. Qd3 {
[%emt 0:00:11]} d5 {[%emt 0:00:11]} 12. Bxh8 {[%emt 0:00:08]} Nb4 {[%emt 0:00:
01]} 13. Bd4 {[%emt 0:00:23]} Qc6 {[%emt 0:00:25]} 14. Ne5 {[%emt 0:00:16]}
Qxc2+ {[%emt 0:00:19]} 15. Qxc2 {[%emt 0:00:03]} Nxc2 {[%emt 0:00:01]} 16. Bxf2
{[%emt 0:00:02]} Nxa1 {[%emt 0:00:02]} 17. a3 {[%emt 0:00:09]} b6 {[%emt 0:00:
09]} 18. Kf3 {[%emt 0:00:06]} f6 {[%emt 0:00:08]} 19. Ng4 {[%emt 0:00:26]} h5 {
[%emt 0:00:04]} 20. Ne3 {[%emt 0:00:07]} Bb7 {[%emt 0:00:04]} 21. Bb5+ {[%emt
0:00:01]} Ke7 {[%emt 0:00:02]} 22. Rc1 {[%emt 0:00:02]} Kd6 {[%emt 0:00:08]}
23. Bg3+ {[%emt 0:00:04]} e5 {[%emt 0:00:01]} 24. Nf5+ {[%emt 0:00:05]} Ke6 {
[%emt 0:00:01]} 25. Ng7+ {[%emt 0:00:02]} Kd6 {[%emt 0:00:01]} 26. Nf5+ {[%emt
0:00:03]} Ke6 {[%emt 0:00:01]} 27. Rc7 {[%emt 0:00:02]} Kxf5 {[%emt 0:00:04]}
28. Bd7+ {[%emt 0:00:13]} Kg6 {[%emt 0:00:03]} 29. Rxb7 {[%emt 0:00:04]} Nc2 {
[%emt 0:00:02]} 30. Bf2 {[%emt 0:00:19]} Nxa3 {[%emt 0:00:12]} 31. Rxb6 {[%emt
0:00:12]} Nxb1 {[%emt 0:00:11] '} 32. Rxb1 {[%emt 0:00:02]} Ra3+ {[%emt 0:00:
02]} 33. Be3 {[%emt 0:00:02]} Nd2+ {[%emt 0:00:03]} 34. Ke2 {[%emt 0:00:03]}
Nxb1 {[%emt 0:00:00]} 35. Bc5 {[%emt 0:00:02]} Ra2+ {[%emt 0:00:02]} 36. Kf3 {
[%emt 0:00:01]} Nd2+ {[%emt 0:00:02]} 37. Kg3 {[%emt 0:00:01]} Ne4+ {[%emt 0:
00:01]} 38. Kh4 {[%emt 0:00:00]} Nxc5 {[%emt 0:00:03]} 39. h3 {[%emt 0:00:00]}
Nxd7 {[%emt 0:00:02]} 40. g4 {[%emt 0:00:00]} hxg4 {[%emt 0:00:02]} 41. Kxg4 {
[%emt 0:00:01]} Ra3 {[%emt 0:00:04]} 42. Kh4 {[%emt 0:00:00]} Nf8 {[%emt 0:00:
04]} 43. Kg4 {[%emt 0:00:00]} Nh7 {[%emt 0:00:04]} 44. Kh4 {[%emt 0:00:00]} Ng5
{[%emt 0:00:05]} 45. Kg4 {[%emt 0:00:00]} Ne6 {[%emt 0:00:05]} 46. Kh4 {[%emt
0:00:00]} Nf4 {[%emt 0:00:05]} 47. Kg4 {[%emt 0:00:00]} f5+ {[%emt 0:00:01]}
48. Kh4 {[%emt 0:00:00]} Ng2# {[%emt 0:00:02]} 0-1

[Event "Villarobledo Online Qualifyer"]
[Site "playchess.com #155672"]
[Date "2009.05.23"]
[Round "11"]
[White "Kakaku"]
[Black "Imperatrix"]
[Result "1-0"]
[WhiteElo "1850"]
[BlackElo "1816"]
[PlyCount "89"]
[EventDate "2009.05.23"]
[EventType "swiss (blitz)"]

1. d4 {[%emt 0:00:06]} Nf6 {[%emt 0:00:02]} 2. Nf3 {[%emt 0:00:07]} g6 {[%emt
0:00:03]} 3. Nc3 {[%emt 0:00:02]} d5 {[%emt 0:00:02]} 4. Bf4 {[%emt 0:00:02]}
Bg7 {[%emt 0:00:02]} 5. e3 {[%emt 0:00:01]} a6 {[%emt 0:00:08]} 6. Be2 {[%emt
0:00:01]} O-O {[%emt 0:00:03]} 7. h4 {[%emt 0:00:03]} Bf5 {[%emt 0:00:03]} 8.
Qd2 {[%emt 0:00:08]} Ne4 {[%emt 0:00:04]} 9. Nxe4 {[%emt 0:00:02]} Bxe4 {[%emt
0:00:04]} 10. O-O-O {[%emt 0:00:04]} Nd7 {[%emt 0:00:11]} 11. h5 {[%emt 0:00:
01]} c5 {[%emt 0:00:02]} 12. Ng5 {[%emt 0:00:10]} cxd4 {[%emt 0:00:08]} 13.
exd4 {[%emt 0:00:02]} Nf6 {[%emt 0:00:09]} 14. f3 {[%emt 0:00:10]} Bf5 {[%emt
0:00:09]} 15. g4 {[%emt 0:00:03]} Bd7 {[%emt 0:00:10]} 16. Bd3 {[%emt 0:00:11]}
h6 {[%emt 0:00:08]} 17. Nxf7 {[%emt 0:00:13]} Kxf7 {[%emt 0:00:07]} 18. Bxg6+ {
[%emt 0:00:20]} Kg8 {[%emt 0:00:02]} 19. Bxh6 {[%emt 0:00:01]} Qb6 {[%emt 0:00:
50]} 20. Bxg7 {[%emt 0:00:14]} Kxg7 {[%emt 0:00:01]} 21. Qg5 {[%emt 0:00:02]}
Rh8 {[%emt 0:00:31]} 22. Rde1 {[%emt 0:00:21]} Qd6 {[%emt 0:00:11]} 23. Re5 {
[%emt 0:00:27]} Rac8 {[%emt 0:00:25]} 24. c3 {[%emt 0:00:09]} b5 {[%emt 0:00:
02]} 25. Rhe1 {[%emt 0:00:04]} Ng8 {[%emt 0:00:05]} 26. Be8+ {[%emt 0:00:38] .}
Kf8 {[%emt 0:00:02]} 27. Bxd7 {[%emt 0:00:01]} Qxd7 {[%emt 0:00:02]} 28. Rf5+ {
[%emt 0:00:04]} Nf6 {[%emt 0:00:01]} 29. Re6 {[%emt 0:00:06]} Rg8 {[%emt 0:00:
03]} 30. Qe3 {[%emt 0:00:03]} Rc7 {[%emt 0:00:02]} 31. f4 {[%emt 0:00:03]} b4 {
[%emt 0:00:01]} 32. g5 {[%emt 0:00:01]} bxc3 {[%emt 0:00:02]} 33. b3 {[%emt 0:
00:00]} Ke8 {[%emt 0:00:08]} 34. gxf6 {[%emt 0:00:01]} Kd8 {[%emt 0:00:05]} 35.
f7 {[%emt 0:00:01]} Rf8 {[%emt 0:00:01]} 36. h6 {[%emt 0:00:01]} Qb5 {[%emt 0:
00:02]} 37. Qe2 {[%emt 0:00:06]} Qa5 {[%emt 0:00:01]} 38. Kb1 {[%emt 0:00:02]}
Qa3 {[%emt 0:00:01]} 39. Qc2 {[%emt 0:00:02]} Rxf7 {[%emt 0:00:01]} 40. Rxf7 {
[%emt 0:00:01]} Qb4 {[%emt 0:00:03]} 41. h7 {[%emt 0:00:01]} Qb5 {[%emt 0:00:
01]} 42. h8=Q+ {[%emt 0:00:02]} Kd7 {[%emt 0:00:01]} 43. Rexe7+ {[%emt 0:00:01]
} Kc6 {[%emt 0:00:02]} 44. Qf6+ {[%emt 0:00:01]} Kb7 {[%emt 0:00:01]} 45. Rxc7+
{[%emt 0:00:01] Imperatrix resigns} 1-0

[Event "Villarobledo Online Qualifyer"]
[Site "playchess.com #155672"]
[Date "2009.05.23"]
[Round "11"]
[White "marx"]
[Black "Senad_tesanj"]
[Result "0-1"]
[WhiteElo "1358"]
[BlackElo "1613"]
[PlyCount "64"]
[EventDate "2009.05.23"]
[EventType "swiss (blitz)"]

1. e4 {[%emt 0:00:08]} c5 {[%emt 0:00:01]} 2. Nf3 {[%emt 0:00:01]} d6 {[%emt 0:
00:01]} 3. Bc4 {[%emt 0:00:01]} e6 {[%emt 0:00:01]} 4. d4 {[%emt 0:00:00]} cxd4
{[%emt 0:00:01]} 5. Nxd4 {[%emt 0:00:01]} a6 {[%emt 0:00:01]} 6. O-O {[%emt 0:
00:02]} Qc7 {[%emt 0:00:04]} 7. Bd3 {[%emt 0:00:05]} Nf6 {[%emt 0:00:01]} 8.
Bg5 {[%emt 0:00:07]} Be7 {[%emt 0:00:01]} 9. c4 {[%emt 0:00:06]} e5 {[%emt 0:
00:02]} 10. Nf5 {[%emt 0:00:06]} Bxf5 {[%emt 0:00:02]} 11. exf5 {[%emt 0:00:01]
} O-O {[%emt 0:00:35]} 12. Nc3 {[%emt 0:00:15]} Nc6 {[%emt 0:00:24]} 13. Nd5 {
[%emt 0:00:04]} Nxd5 {[%emt 0:00:16]} 14. cxd5 {[%emt 0:00:08]} Bxg5 {[%emt 0:
00:09]} 15. dxc6 {[%emt 0:00:01]} Qxc6 {[%emt 0:00:04]} 16. Qg4 {[%emt 0:00:06]
} Bf6 {[%emt 0:00:02]} 17. Be4 {[%emt 0:00:03]} d5 {[%emt 0:00:01]} 18. Rac1 {
[%emt 0:00:11]} Qd6 {[%emt 0:00:04]} 19. Bc2 {[%emt 0:00:03]} Rfd8 {[%emt 0:00:
06]} 20. h4 {[%emt 0:00:08]} b5 {[%emt 0:00:23]} 21. h5 {[%emt 0:00:03]} h6 {
[%emt 0:00:03]} 22. Bb3 {[%emt 0:00:24]} Rac8 {[%emt 0:00:06]} 23. Rcd1 {[%emt
0:00:08]} d4 {[%emt 0:00:03]} 24. Qe4 {[%emt 0:00:47]} a5 {[%emt 0:00:08]} 25.
Rc1 {[%emt 0:00:05]} a4 {[%emt 0:00:06]} 26. Rxc8 {[%emt 0:00:02]} Rxc8 {[%emt
0:00:01]} 27. Bd5 {[%emt 0:00:02]} Rc5 {[%emt 0:00:08]} 28. Bb7 {[%emt 0:00:23]
} d3 {[%emt 0:00:04]} 29. Rd1 {[%emt 0:00:03]} d2 {[%emt 0:00:01]} 30. Qb4 {
[%emt 0:00:17]} Bg5 {[%emt 0:00:06]} 31. Qa5 {[%emt 0:00:03]} Rc1 {[%emt 0:00:
04]} 32. Qa8+ {[%emt 0:00:02]} Qf8 {[%emt 0:00:01] marx resigns} 0-1

[Event "Villarobledo Online Qualifyer"]
[Site "playchess.com #155672"]
[Date "2009.05.23"]
[Round "11"]
[White "Maguljica"]
[Black "Novoselski"]
[Result "0-1"]
[WhiteElo "2226"]
[BlackElo "2517"]
[PlyCount "114"]
[EventDate "2009.05.23"]
[EventType "swiss (blitz)"]

1. d4 {[%emt 0:00:02]} e6 {[%emt 0:00:01]} 2. c4 {[%emt 0:00:02]} f5 {[%emt 0:
00:01]} 3. Nc3 {[%emt 0:00:01]} Nf6 {[%emt 0:00:01]} 4. Nf3 {[%emt 0:00:01]}
Be7 {[%emt 0:00:01]} 5. Bf4 {[%emt 0:00:02]} b6 {[%emt 0:00:01]} 6. e3 {[%emt
0:00:04]} Bb7 {[%emt 0:00:01]} 7. Bd3 {[%emt 0:00:01]} O-O {[%emt 0:00:01]} 8.
Qc2 {[%emt 0:00:01]} Nc6 {[%emt 0:00:14]} 9. a3 {[%emt 0:00:04]} Nh5 {[%emt 0:
00:03]} 10. Bg3 {[%emt 0:00:14]} g6 {[%emt 0:00:03]} 11. O-O-O {[%emt 0:00:08]}
Qe8 {[%emt 0:00:07]} 12. Rdg1 {[%emt 0:00:14]} d6 {[%emt 0:00:05]} 13. d5 {
[%emt 0:00:09]} Nd8 {[%emt 0:00:15]} 14. dxe6 {[%emt 0:00:09]} Nxe6 {[%emt 0:
00:00]} 15. Nd4 {[%emt 0:00:05]} Nc5 {[%emt 0:00:06]} 16. Be2 {[%emt 0:00:24]}
Nf6 {[%emt 0:00:04]} 17. f3 {[%emt 0:00:14]} Bd8 {[%emt 0:00:05]} 18. Bf2 {
[%emt 0:00:02]} a5 {[%emt 0:00:04]} 19. b3 {[%emt 0:00:04]} Nfd7 {[%emt 0:00:
12]} 20. g4 {[%emt 0:00:13]} f4 {[%emt 0:00:08]} 21. e4 {[%emt 0:00:09]} Bf6 {
[%emt 0:00:06]} 22. Kb2 {[%emt 0:00:05]} Ne6 {[%emt 0:00:11]} 23. Ndb5 {[%emt
0:00:07]} Qe7 {[%emt 0:00:18]} 24. Kb1 {[%emt 0:00:09]} c6 {[%emt 0:00:06]} 25.
g5 {[%emt 0:00:13]} Be5 {[%emt 0:00:01]} 26. h4 {[%emt 0:00:07]} cxb5 {[%emt 0:
00:02]} 27. Nxb5 {[%emt 0:00:00]} Bc6 {[%emt 0:00:06]} 28. Nc3 {[%emt 0:00:05]}
Nd4 {[%emt 0:00:03]} 29. Bxd4 {[%emt 0:00:03]} Bxd4 {[%emt 0:00:00]} 30. Rg2 {
[%emt 0:00:02]} Qg7 {[%emt 0:00:10]} 31. Nd5 {[%emt 0:00:06]} Bxd5 {[%emt 0:00:
02]} 32. exd5 {[%emt 0:00:01]} Ne5 {[%emt 0:00:07]} 33. h5 {[%emt 0:00:01]}
gxh5 {[%emt 0:00:02]} 34. g6 {[%emt 0:00:04]} hxg6 {[%emt 0:00:01]} 35. Rxh5 {
[%emt 0:00:04]} Kf7 {[%emt 0:00:03]} 36. Rhg5 {[%emt 0:00:02]} Qf6 {[%emt 0:00:
09]} 37. Qe4 {[%emt 0:00:14]} Be3 {[%emt 0:00:03]} 38. Rxe5 {[%emt 0:00:19]}
dxe5 {[%emt 0:00:04]} 39. Bd3 {[%emt 0:00:00]} Qf5 {[%emt 0:00:10]} 40. Qxf5+ {
[%emt 0:00:01]} gxf5 {[%emt 0:00:01]} 41. Bxf5 {[%emt 0:00:00]} Ke7 {[%emt 0:
00:04]} 42. Be6 {[%emt 0:00:01]} Kf6 {[%emt 0:00:08]} 43. Kc2 {[%emt 0:00:03]}
Rae8 {[%emt 0:00:04]} 44. Kd3 {[%emt 0:00:02]} Rxe6 {[%emt 0:00:01]} 45. dxe6 {
[%emt 0:00:00]} Kxe6 {[%emt 0:00:00]} 46. Ke4 {[%emt 0:00:01]} Kf6 {[%emt 0:00:
02]} 47. Rh2 {[%emt 0:00:01]} Rd8 {[%emt 0:00:02]} 48. Rh6+ {[%emt 0:00:01]}
Kg5 {[%emt 0:00:01]} 49. Rc6 {[%emt 0:00:02]} Rd4+ {[%emt 0:00:02]} 50. Kxe5 {
[%emt 0:00:00]} Rd3 {[%emt 0:00:00]} 51. b4 {[%emt 0:00:03]} Rxa3 {[%emt 0:00:
01]} 52. c5 {[%emt 0:00:03]} bxc5 {[%emt 0:00:03]} 53. bxc5 {[%emt 0:00:01]}
Rc3 {[%emt 0:00:01]} 54. Ra6 {[%emt 0:00:14]} Rxc5+ {[%emt 0:00:01]} 55. Ke4 {
[%emt 0:00:01]} Rc4+ {[%emt 0:00:04]} 56. Ke5 {[%emt 0:00:01]} a4 {[%emt 0:00:
04]} 57. Ra8 {[%emt 0:00:01]} Kh4 {[%emt 0:00:05] Maguljica resigns} 0-1

[Event "Villarobledo Online Qualifyer"]
[Site "playchess.com #155672"]
[Date "2009.05.23"]
[Round "11"]
[White "Ajaraisk"]
[Black "Us6"]
[Result "0-1"]
[WhiteElo "2219"]
[BlackElo "2591"]
[PlyCount "126"]
[EventDate "2009.05.23"]
[EventType "swiss (blitz)"]

1. Nf3 {[%emt 0:00:04]} Nf6 {[%emt 0:00:01]} 2. g3 {[%emt 0:00:00]} c5 {[%emt
0:00:02]} 3. Bg2 {[%emt 0:00:00]} Nc6 {[%emt 0:00:02]} 4. O-O {[%emt 0:00:00]}
g6 {[%emt 0:00:02]} 5. c4 {[%emt 0:00:00]} Bg7 {[%emt 0:00:01]} 6. d3 {[%emt 0:
00:01]} O-O {[%emt 0:00:01]} 7. Na3 {[%emt 0:00:00]} a6 {[%emt 0:00:06]} 8. Rb1
{[%emt 0:00:01]} Rb8 {[%emt 0:00:02]} 9. b3 {[%emt 0:00:01]} b5 {[%emt 0:00:02]
} 10. Bb2 {[%emt 0:00:01]} d6 {[%emt 0:00:02]} 11. Nc2 {[%emt 0:00:02]} e5 {
[%emt 0:00:04]} 12. a3 {[%emt 0:00:04]} Bd7 {[%emt 0:00:11]} 13. Nd2 {[%emt 0:
00:05]} a5 {[%emt 0:00:19]} 14. Bc3 {[%emt 0:00:07]} b4 {[%emt 0:00:01]} 15.
axb4 {[%emt 0:00:01]} axb4 {[%emt 0:00:00]} 16. Bb2 {[%emt 0:00:01]} Qc8 {
[%emt 0:00:05]} 17. Ra1 {[%emt 0:00:02]} Bh3 {[%emt 0:00:02]} 18. Ne3 {[%emt 0:
00:13]} Bxg2 {[%emt 0:00:02]} 19. Kxg2 {[%emt 0:00:00]} Qb7 {[%emt 0:00:02]}
20. Kg1 {[%emt 0:00:04]} Nd4 {[%emt 0:00:03]} 21. Bxd4 {[%emt 0:00:06]} exd4 {
[%emt 0:00:02]} 22. Ng2 {[%emt 0:00:09]} Rfe8 {[%emt 0:00:07]} 23. Re1 {[%emt
0:00:02]} Re7 {[%emt 0:00:10]} 24. e4 {[%emt 0:00:12]} dxe3 {[%emt 0:00:03]}
25. Rxe3 {[%emt 0:00:02]} Rbe8 {[%emt 0:00:05]} 26. Qf3 {[%emt 0:00:19]} Qd7 {
[%emt 0:00:35]} 27. Rae1 {[%emt 0:00:07]} Rxe3 {[%emt 0:00:09]} 28. Rxe3 {
[%emt 0:00:03]} Re6 {[%emt 0:00:04]} 29. Qa8+ {[%emt 0:00:15]} Qe8 {[%emt 0:00:
05]} 30. Qxe8+ {[%emt 0:00:03]} Nxe8 {[%emt 0:00:00]} 31. Rxe6 {[%emt 0:00:07]}
fxe6 {[%emt 0:00:00]} 32. Nf4 {[%emt 0:00:14]} Bh6 {[%emt 0:00:03]} 33. Ne4 {
[%emt 0:00:07]} Bxf4 {[%emt 0:00:02]} 34. gxf4 {[%emt 0:00:00]} Kf7 {[%emt 0:
00:01]} 35. Kg2 {[%emt 0:00:06]} Ke7 {[%emt 0:00:03]} 36. Kf3 {[%emt 0:00:05]}
Ng7 {[%emt 0:00:02]} 37. Ng3 {[%emt 0:00:39]} Kf6 {[%emt 0:00:05]} 38. Ke4 {
[%emt 0:00:04]} Ne8 {[%emt 0:00:11]} 39. h4 {[%emt 0:00:13]} Nc7 {[%emt 0:00:
02]} 40. h5 {[%emt 0:00:05]} Na6 {[%emt 0:00:01]} 41. hxg6 {[%emt 0:00:05]}
hxg6 {[%emt 0:00:00]} 42. Nf1 {[%emt 0:00:06]} Nb8 {[%emt 0:00:01]} 43. d4 {
[%emt 0:00:12]} cxd4 {[%emt 0:00:14]} 44. Kxd4 {[%emt 0:00:00]} Na6 {[%emt 0:
00:01]} 45. Nd2 {[%emt 0:00:09]} Kf5 {[%emt 0:00:02]} 46. Ke3 {[%emt 0:00:01]}
Nc5 {[%emt 0:00:02]} 47. Kf3 {[%emt 0:00:02]} d5 {[%emt 0:00:05]} 48. cxd5 {
[%emt 0:00:02]} exd5 {[%emt 0:00:00]} 49. Ke3 {[%emt 0:00:03]} Ke6 {[%emt 0:00:
06]} 50. Kd4 {[%emt 0:00:05]} Kd6 {[%emt 0:00:01]} 51. Ke3 {[%emt 0:00:02]} Ne6
{[%emt 0:00:07]} 52. Kf3 {[%emt 0:00:03]} Ng7 {[%emt 0:00:02]} 53. Kg4 {[%emt
0:00:02]} Kc5 {[%emt 0:00:02]} 54. Kg5 {[%emt 0:00:01]} Ne6+ {[%emt 0:00:01]}
55. Kxg6 {[%emt 0:00:03]} Nxf4+ {[%emt 0:00:01]} 56. Kf5 {[%emt 0:00:00]} Nd3 {
[%emt 0:00:03]} 57. f4 {[%emt 0:00:01]} Kd4 {[%emt 0:00:01]} 58. Ke6 {[%emt 0:
00:02]} Nxf4+ {[%emt 0:00:01]} 59. Kf5 {[%emt 0:00:01]} Ne2 {[%emt 0:00:04]}
60. Kg4 {[%emt 0:00:03]} Kc3 {[%emt 0:00:02]} 61. Nf3 {[%emt 0:00:02]} d4 {
[%emt 0:00:03]} 62. Kf5 {[%emt 0:00:00]} d3 {[%emt 0:00:01]} 63. Ke4 {[%emt 0:
00:01]} d2 {[%emt 0:00:07] Ajaraisk resigns  (Lag: Av=0.22s, max=1.0s)} 0-1